| 000 | 00370nam a2200157Ia 4500 | ||
|---|---|---|---|
| 008 | 230917s9999||||xx |||||||||||||| ||und|| | ||
| 020 | _cRS20 | ||
| 040 |
_e6730 _aMAIN |
||
| 041 | _aEnglish | ||
| 082 | _a658.4 G959B | ||
| 100 | _aGupta, C B | ||
| 245 | 0 | _aBusiness organisation and management | |
| 260 |
_aDelhi _bNational _c1978 |
||
| 300 | _a634 p. | ||
| 942 | _cBK | ||
| 999 |
_c192058 _d192058 |
||